Państwa oceanii - Statystyki

Ogólne statystyki
  • Ten quiz został rozwiązany 9 razy
  • Średni wynik to 13 z 14
Statystyki odpowiedzi
Hint Odpowiedź % Poprawnych
Największe państwo w Oceanii Australia
100%
Ma stolicę w Wellington Nowa zelandia
100%
Jednym z głównych języków to Palau Palau
100%
2 pod względem ludności w Oceanii Papua-nowa gwinea
100%
Jedyne państwo na V Vanuatu
100%
Najmniejsze państwo w Oceanii Nauru
88%
Ma w godle 2 ludzi Fidżi
88%
Ma w fladze ptaka Kiribati
88%
Zaczyna się na M Mikronezja
88%
Ma krzyż w faldze Tonga
88%
Ma 9 gwiazd w fladze Tuvalu
88%
Waluta to Tala Samoa
75%
Główna wyspa to Majuro Wyspy Marshalla
75%
Ma rekina w herbie Wyspy Salomona
75%
Nie znaleziono quizów pasujących do podanych kryteriów
Rozkład punktacji
Procent ludzi z każdym wynikiem
Percentyl według liczby udzielonych odpowiedzi
Twoja historia wyników
Nie rozwiązałeś tego quizu